[Event "Kieler Open 2015 Gruppe A"]
[Site "Kiel"]
[Date "2015.07.25"]
[Round "1.28"]
[White "Laufenburg, Frank"]
[Black "Pick, Stefan"]
[Result "0-1"]
[WhiteElo "1746"]
[BlackElo "2101"]
[PlyCount "60"]
[EventDate "2015.??.??"]
[WhiteTeam "SC Bergen-Enkheim"]
[BlackTeam "SK Kerpen"]

1. Nf3 c5 2. b3 Nc6 3. Bb2 e6 4. e3 Nf6 5. Bb5 Qc7 6. O-O Be7 7. d3 b6 8. Bxc6
Qxc6 9. e4 Bb7 10. Ne5 Qc7 11. Nd2 d6 12. Ng4 O-O-O 13. Ne3 d5 14. f3 Bd6 15.
h3 Bh2+ 16. Kh1 Nh5 17. g4 Ng3+ 18. Kg2 Nxf1 19. Nexf1 Be5 20. Bxe5 Qxe5 21.
Ng3 dxe4 22. fxe4 f5 23. Nf3 Qf4 24. gxf5 exf5 25. Nxf5 Bxe4 26. Ne7+ Kb7 27.
Qe2 Qxf3+ 28. Qxf3 Bxf3+ 29. Kxf3 Rhf8+ 30. Kg4 g6 0-1

[Event "Kieler Open 2015 Gruppe A"]
[Site "Kiel"]
[Date "2015.07.25"]
[Round "1.29"]
[White "Roth, Thorsten"]
[Black "Wunderlich, Matthias"]
[Result "1-0"]
[WhiteElo "2083"]
[BlackElo "1730"]
[PlyCount "81"]
[EventDate "2015.??.??"]
[WhiteTeam "Hannover/vereinslos"]
[BlackTeam "BSV-KW Jänschwalde"]

1. d4 d6 2. c4 e5 3. Nf3 e4 4. Ng5 f5 5. Nc3 Be7 6. Nh3 Nf6 7. e3 O-O 8. b4 c6
9. Qb3 Na6 10. Be2 Nc7 11. O-O Kh8 12. d5 Bd7 13. Bb2 Be8 14. Rfd1 Bf7 15. dxc6
bxc6 16. Qa4 Be8 17. Qa5 Qc8 18. Rac1 Nd7 19. Nf4 Ne5 20. c5 dxc5 21. Nxe4 fxe4
22. Bxe5 Nb5 23. Bxb5 cxb5 24. bxc5 Bd8 25. Qc3 Bf6 26. Rd6 Qf5 27. Bxf6 Rxf6
28. Rcd1 Rf8 29. c6 Rc8 30. c7 Bh5 31. Rd7 Bf7 32. a3 Qg5 33. Qa5 Qc5 34. Qb4
Qxb4 35. axb4 Kg8 36. Nd5 Bxd5 37. R1xd5 h6 38. Re5 Kh7 39. Rxe4 Rf6 40. h4 Rc6
41. Ree7 1-0

[Event "Kieler Open 2015 Gruppe A"]
[Site "Kiel"]
[Date "2015.07.25"]
[Round "1.30"]
[White "Karlisch, Moritz"]
[Black "Sieweck, Philipp"]
[Result "0-1"]
[WhiteElo "1722"]
[BlackElo "2076"]
[PlyCount "54"]
[EventDate "2015.??.??"]
[WhiteTeam "SK Doppelbauer Kiel"]
[BlackTeam "SG Turm Kiel"]

1. d4 Nf6 2. Bg5 c6 3. Nd2 d5 4. Bxf6 exf6 5. e3 Bd6 6. c4 dxc4 7. Bxc4 O-O 8.
Ne2 f5 9. O-O Nd7 10. Ng3 g6 11. Nf3 b5 12. Bd3 Re8 13. d5 Bb7 14. Nd4 cxd5 15.
Bxb5 f4 16. exf4 Bxf4 17. Nc6 Qb6 18. Qxd5 Nf6 19. Qc4 Bxg3 20. hxg3 Rac8 21.
Rac1 Bxc6 22. Bxc6 Re6 23. Qf4 Rcxc6 24. Rxc6 Rxc6 25. Qe5 h5 26. Rd1 Ng4 27.
Qe8+ Kg7 0-1

[Event "Kieler Open 2015 Gruppe A"]
[Site "Kiel"]
[Date "2015.07.25"]
[Round "1.31"]
[White "Koop, Sören"]
[Black "Rosenkranz, Bernd-Christian"]
[Result "1-0"]
[WhiteElo "2070"]
[BlackElo "1708"]
[PlyCount "47"]
[EventDate "2015.??.??"]
[WhiteTeam "SC Wrist-Kellinghusen"]
[BlackTeam "SV VHS Rendsburg"]

1. e4 c6 2. Nf3 d5 3. Nc3 Bg4 4. h3 Bxf3 5. Qxf3 e6 6. d3 Nd7 7. Bd2 Ngf6 8. g4
g6 9. Qg3 Bg7 10. e5 Ng8 11. f4 Ne7 12. O-O-O Qc7 13. d4 O-O-O 14. Kb1 Kb8 15.
Bd3 Rdg8 16. Rhf1 h5 17. Qf2 hxg4 18. hxg4 Nb6 19. f5 gxf5 20. gxf5 Bf8 21.
fxe6 fxe6 22. Rh1 Nbc8 23. Rxh8 Rxh8 24. Qf6 1-0

[Event "Kieler Open 2015 Gruppe A"]
[Site "Kiel"]
[Date "2015.07.25"]
[Round "1.32"]
[White "Isler, Benjamin"]
[Black "Hilbig, Dieter"]
[Result "0-1"]
[WhiteElo "1704"]
[BlackElo "2067"]
[PlyCount "54"]
[EventDate "2015.??.??"]
[WhiteTeam "Flensburger SK"]
[BlackTeam "ESV Gera"]

1. b4 c6 2. e3 Qb6 3. a3 a5 4. c3 Nf6 5. Qb3 d5 6. d3 g6 7. Nd2 Bg7 8. Bb2 O-O
9. Ngf3 Bg4 10. h3 Bxf3 11. Nxf3 Nbd7 12. d4 Qc7 13. b5 Rac8 14. Rc1 Ne4 15. c4
cxb5 16. c5 b6 17. Qxd5 Ndf6 18. Qb3 bxc5 19. Bxb5 Qb6 20. a4 cxd4 21. Nxd4
Rxc1+ 22. Bxc1 Re8 23. Bd2 Nxd2 24. Kxd2 Ne4+ 25. Ke2 Bxd4 26. exd4 Qxd4 27.
Rf1 Qd2+ 0-1

[Event "Kieler Open 2015 Gruppe A"]
[Site "Kiel"]
[Date "2015.07.25"]
[Round "1.33"]
[White "Quiring, Nikolai"]
[Black "Helmich, Jörg"]
[Result "1-0"]
[WhiteElo "2060"]
[BlackElo "1704"]
[PlyCount "73"]
[EventDate "2015.??.??"]
[WhiteTeam "SV VHS Rendsburg"]
[BlackTeam "Regensb. Turnerschaft"]

1. d4 f5 2. Nc3 Nf6 3. Bg5 d5 4. Bxf6 exf6 5. e3 c6 6. Bd3 Be6 7. Qf3 g6 8. h4
Bg7 9. Nge2 Nd7 10. O-O-O Qe7 11. h5 O-O-O 12. Nf4 Bf7 13. g4 g5 14. h6 Bf8 15.
Nh5 fxg4 16. Qxg4 Bxh5 17. Rxh5 Kb8 18. e4 dxe4 19. Bxe4 Nb6 20. Rd3 Qd7 21.
Bf5 Qc7 22. Rh1 Nd5 23. Nxd5 Rxd5 24. Be6 Rd8 25. Rf3 Be7 26. c3 Rhf8 27. Kc2
Bd6 28. Re3 Bf4 29. Re4 Rde8 30. Rhe1 Qd6 31. Qf5 Rh8 32. Bb3 Qd8 33. Re6 Rxe6
34. Rxe6 Re8 35. Qxh7 Rxe6 36. Bxe6 Qe8 37. Qd7 1-0

[Event "Kieler Open 2015 Gruppe A"]
[Site "Kiel"]
[Date "2015.07.25"]
[Round "1.34"]
[White "Kiep, Fabian"]
[Black "Magnussen, Helge"]
[Result "0-1"]
[WhiteElo "1703"]
[BlackElo "2054"]
[PlyCount "74"]
[EventDate "2015.??.??"]
[WhiteTeam "SC Agon Neumünster"]
[BlackTeam "Elmshorner SC"]

1. e4 e6 2. d4 d5 3. exd5 exd5 4. Bd3 Bd6 5. Ne2 Qh4 6. Nd2 Bg4 7. c3 Nh6 8.
Nf1 O-O 9. Be3 Nd7 10. Qc2 f5 11. g3 Qh5 12. Bxh6 Qxh6 13. f4 Rae8 14. O-O-O
Re7 15. h4 Qh5 16. Re1 Rfe8 17. Kd1 c5 18. dxc5 Bxc5 19. Rh2 a6 20. Nd2 Nf6 21.
Nb3 Ba7 22. Nbd4 Bxd4 23. cxd4 Ne4 24. Rg1 Nd6 25. b3 Nb5 26. Bxb5 axb5 27.
Rgg2 Re3 28. Qd2 Kf7 29. Ke1 Bf3 30. Rf2 Qg4 31. Kf1 Bxe2+ 32. Rxe2 Qf3+ 33.
Ref2 Qxg3 34. Rhg2 Qxh4 35. Qb4 Qh1+ 36. Rg1 Re1+ 37. Qxe1 Rxe1+ 0-1

[Event "Kieler Open 2015 Gruppe A"]
[Site "Kiel"]
[Date "2015.07.25"]
[Round "1.35"]
[White "Keller, Harald"]
[Black "Bosselmann, Tom Linus"]
[Result "1-0"]
[WhiteElo "2041"]
[BlackElo "1701"]
[PlyCount "73"]
[EventDate "2015.??.??"]
[WhiteTeam "SV Rottweil"]
[BlackTeam "Lübecker SV"]

1. e4 c5 2. Nc3 e6 3. d3 a6 4. g3 Nc6 5. Bg2 b5 6. Nh3 Be7 7. O-O Bb7 8. f4 d6
9. Be3 Nf6 10. e5 dxe5 11. fxe5 Nd5 12. Nxd5 exd5 13. Qg4 g6 14. Qf4 O-O 15.
Rae1 Nb4 16. Qh6 Nxc2 17. Ng5 Bxg5 18. Bxg5 f6 19. exf6 Rf7 20. Re7 Qf8 21.
Rxb7 Rxb7 22. Bxd5+ Rf7 23. Qxf8+ Raxf8 24. Rc1 Nb4 25. Bxf7+ Kxf7 26. Rxc5
Nxd3 27. Rc7+ Ke6 28. Rxh7 Ne5 29. h4 Nf7 30. Rg7 Nxg5 31. hxg5 Kf5 32. Ra7
Kxg5 33. Rxa6 Kg4 34. Kf2 Rb8 35. f7 g5 36. Rf6 Rf8 37. a3 1-0

[Event "Kieler Open 2015 Gruppe A"]
[Site "Kiel"]
[Date "2015.07.25"]
[Round "1.36"]
[White "Friedel, Roland"]
[Black "Berenstein, Alexander"]
[Result "0-1"]
[WhiteElo "1691"]
[BlackElo "2030"]
[PlyCount "76"]
[EventDate "2015.??.??"]
[WhiteTeam "SSC Rostock"]
[BlackTeam "SV Rendsburg"]

1. d4 Nf6 2. Nf3 g6 3. Bg5 Bg7 4. Nbd2 d5 5. e3 O-O 6. Bd3 Nbd7 7. O-O c5 8. c3
Re8 9. Re1 a6 10. Ne5 Qb6 11. Qb3 Qxb3 12. axb3 Nxe5 13. dxe5 Nd7 14. f4 e6 15.
e4 Rb8 16. Be2 b5 17. Bf3 Nb6 18. Rad1 Bb7 19. Nf1 Bf8 20. exd5 Bxd5 21. Bxd5
Nxd5 22. Ne3 Nxe3 23. Rxe3 c4 24. Kf1 cxb3 25. Red3 a5 26. Rd7 a4 27. Ra7 Bc5
28. Rad7 Rec8 29. Ra1 Kf8 30. Ke2 Ke8 31. Rd3 Be7 32. Bxe7 Kxe7 33. Rd4 Ra8 34.
Rb4 Rab8 35. Rd4 Rd8 36. Rb4 Rdc8 37. Rd4 Rc5 38. Rb4 Rd8 0-1

[Event "Kieler Open 2015 Gruppe A"]
[Site "Kiel"]
[Date "2015.07.25"]
[Round "1.37"]
[White "Pluska, Alexander"]
[Black "Janse, Sebastian"]
[Result "1-0"]
[WhiteElo "2030"]
[BlackElo "1686"]
[PlyCount "48"]
[EventDate "2015.??.??"]
[WhiteTeam "SK Doppelbauer Kiel"]
[BlackTeam "Klim-op Rotterdam"]

1. d4 d5 2. c4 Nf6 3. cxd5 Qxd5 4. Nc3 Qd8 5. e4 e6 6. Bd3 c5 7. Nf3 Nc6 8. Be3
cxd4 9. Nxd4 Bd7 10. O-O Be7 11. Qe2 Ne5 12. Rad1 O-O 13. Bb1 Rc8 14. f4 Nc4
15. e5 Ng4 16. Qxg4 Nxe3 17. Qh3 Nf5 18. Bxf5 exf5 19. Kh1 g6 20. Rf3 Qe8 21.
Nb3 Bc6 22. Rfd3 Rd8 23. Qh6 f6 24. Rh3 Rf7 {fehlerhafte Notationen} 1-0

[Event "Kieler Open 2015 Gruppe A"]
[Site "Kiel"]
[Date "2015.07.25"]
[Round "1.38"]
[White "GutierrezBolado, Juan Antonio"]
[Black "Neumann, Frank"]
[Result "0-1"]
[WhiteElo "1669"]
[BlackElo "2027"]
[PlyCount "64"]
[EventDate "2015.??.??"]
[WhiteTeam "Spanien"]
[BlackTeam "SC Agon Neumünster"]
[WhiteTeamCountry "ESP"]

1. e4 g6 2. d4 Bg7 3. Nc3 d6 4. f4 Nd7 5. Nf3 e5 6. Be3 Ne7 7. fxe5 dxe5 8.
dxe5 Nxe5 9. Qxd8+ Kxd8 10. O-O-O+ Bd7 11. Bd4 N7c6 12. Nxe5 Bxe5 13. Bxe5 Nxe5
14. Nd5 c6 15. Nf6 Ke7 16. Nxd7 Nxd7 17. g3 Ne5 18. Bh3 Rad8 19. Bg2 Rxd1+ 20.
Rxd1 h5 21. Bh3 h4 22. Rh1 Kf6 23. g4 Kg5 24. Rf1 Rd8 25. Rf2 Rd4 26. Bg2 Kxg4
27. Re2 b5 28. Bf1 Kf3 29. Rg2 Rxe4 30. Kd2 Nc4+ 31. Bxc4 Kxg2 32. Be2 g5 0-1

[Event "Kieler Open 2015 Gruppe A"]
[Site "Kiel"]
[Date "2015.07.25"]
[Round "1.39"]
[White "Lorenzen, Jan-Hendrik"]
[Black "Gutschenreiter, Donato"]
[Result "1/2-1/2"]
[WhiteElo "2018"]
[BlackElo "1639"]
[PlyCount "63"]
[EventDate "2015.??.??"]
[WhiteTeam "SC Agon Neumünster"]
[BlackTeam "Flensburger SK"]

1. d4 Nf6 2. Nf3 d6 3. g3 g6 4. Bg2 Bg7 5. c4 O-O 6. Nc3 Nbd7 7. O-O c5 8. d5
a6 9. a4 Ng4 10. Qc2 Nge5 11. Nxe5 Nxe5 12. b3 Re8 13. Bb2 Nd7 14. h4 Nf6 15.
f3 Nh5 16. Kh2 e6 17. e4 e5 18. Qf2 Rf8 19. Bc1 Bf6 20. Bh3 Ng7 21. Bxc8 Rxc8
22. Rh1 Be7 23. Bh6 f5 24. Kg2 Rf7 25. Bxg7 Kxg7 26. h5 Qd7 27. hxg6 hxg6 28.
Qd2 f4 29. Rh3 Rh8 30. Rah1 Rxh3 31. Rxh3 Bg5 32. Qe1 1/2-1/2

[Event "Kieler Open 2015 Gruppe A"]
[Site "Kiel"]
[Date "2015.07.25"]
[Round "1.40"]
[White "Sommer, Stefan"]
[Black "Raddatz, Michael"]
[Result "0-1"]
[WhiteElo "1729"]
[BlackElo "2011"]
[PlyCount "60"]
[EventDate "2015.??.??"]
[WhiteTeam "SV RUGIA Bergen"]
[BlackTeam "Niendorfer TSV"]

1. e4 c5 2. Nf3 e6 3. c3 Nf6 4. e5 Nd5 5. Bc4 Be7 6. O-O Nb6 7. Bb3 O-O 8. d4
Nc6 9. Be3 cxd4 10. cxd4 d5 11. Nc3 Bd7 12. a3 f6 13. exf6 Bxf6 14. Qd3 Be8 15.
Ne2 Bg6 16. Qd2 Qe7 17. Ng3 a5 18. Rfe1 a4 19. Ba2 Na5 20. Qe2 Nbc4 21. Bd2
Nxd2 22. Qxd2 Qd7 23. Rac1 b5 24. Qe2 Rfe8 25. Rc5 Nc4 26. Bxc4 bxc4 27. Ne5
Qb7 28. Nxg6 hxg6 29. Qg4 Qxb2 30. Qxg6 Bxd4 0-1

[Event "Kieler Open 2015 Gruppe A"]
[Site "Kiel"]
[Date "2015.07.25"]
[Round "2.1"]
[White "Buchholz, Sebastian"]
[Black "Baramidze, David"]
[Result "0-1"]
[WhiteElo "2143"]
[BlackElo "2596"]
[PlyCount "78"]
[EventDate "2015.??.??"]
[WhiteTeam "SK Doppelbauer Kiel"]
[BlackTeam "SV Hockenheim"]

1. Nf3 d5 2. c4 d4 3. e3 Nc6 4. exd4 Nxd4 5. Nxd4 Qxd4 6. Be2 Nh6 7. h3 Nf5 8.
Na3 e5 9. Nb5 Qb6 10. O-O c6 11. Nc3 Be6 12. b3 O-O-O 13. Na4 Qd4 14. Bb2 Qf4
15. c5 Be7 16. d3 Nd4 17. Bc1 Qh4 18. Re1 g5 19. Bf1 g4 20. Re4 Rhg8 21. g3
Nf3+ 22. Kh1 Qh5 23. Nc3 f5 24. Ra4 Bxc5 25. Qe2 gxh3 26. Be3 Bxe3 27. Qxe3 f4
28. Qxa7 fxg3 29. fxg3 Rxg3 30. Be2 h2 31. Qa8+ Kd7 32. Qxb7+ Ke8 33. Qxc6+ Bd7
34. Bxf3 Bxc6 35. Bxc6+ Kf8 36. Rf1+ Kg8 37. Ne4 Rg1+ 38. Rxg1+ hxg1=R+ 39.
Kxg1 Qg6+ 0-1

[Event "Kieler Open 2015 Gruppe A"]
[Site "Kiel"]
[Date "2015.07.25"]
[Round "2.2"]
[White "Stopa, Jacek"]
[Black "Homuth, Manfred"]
[Result "1-0"]
[WhiteElo "2541"]
[BlackElo "2142"]
[PlyCount "73"]
[EventDate "2015.??.??"]
[WhiteTeam "Polen"]
[BlackTeam "Eckernförder SC"]

1. d4 Nf6 2. c4 g6 3. f3 Bg7 4. e4 d6 5. Ne2 O-O 6. Nbc3 Nc6 7. Be3 a6 8. Qd2
Rb8 9. Rc1 Bd7 10. Nd1 e5 11. d5 Ne7 12. c5 Ne8 13. Nec3 dxc5 14. Bxc5 Nd6 15.
Nf2 f5 16. Be2 Kh8 17. g3 Nec8 18. O-O Re8 19. Be3 Nf7 20. Nd3 Ncd6 21. Nc5 Bc8
22. a4 Qe7 23. b4 Bf6 24. Ne6 Bxe6 25. dxe6 Qxe6 26. Nd5 Bd8 27. Nxc7 Bxc7 28.
Rxc7 Rec8 29. exf5 gxf5 30. Rc5 Rd8 31. Qc3 Kg8 32. Bd1 Re8 33. Bb3 Qe7 34. Rd1
Rbd8 35. Rc7 Rd7 36. Rxd7 Qxd7 37. Bc5 1-0

[Event "Kieler Open 2015 Gruppe A"]
[Site "Kiel"]
[Date "2015.07.25"]
[Round "2.3"]
[White "Haffner, Alexander"]
[Black "Dgebuadze, Alexandre"]
[Result "0-1"]
[WhiteElo "2136"]
[BlackElo "2490"]
[PlyCount "62"]
[EventDate "2015.??.??"]
[WhiteTeam "SK Doppelbauer Kiel"]
[BlackTeam "SC 1950 Remagen"]

1. d4 e6 2. Nf3 f5 3. c4 Nf6 4. g3 Be7 5. Bg2 O-O 6. O-O d6 7. Nc3 Qe8 8. Qc2
Qh5 9. Bg5 Nc6 10. Rad1 e5 11. dxe5 dxe5 12. Bxf6 Bxf6 13. Nd5 Bd8 14. e3 a5
15. a3 g5 16. Qc3 e4 17. Nd2 Ra6 18. f3 exf3 19. Bxf3 Qe8 20. e4 f4 21. gxf4
gxf4 22. Kh1 Ne5 23. Rg1+ Rg6 24. Qd4 c6 25. Bh5 cxd5 26. Bxg6 hxg6 27. exd5
Ng4 28. Rde1 Qf7 29. Ne4 f3 30. Nd6 Qf4 31. Qxf4 Nf2# 0-1

[Event "Kieler Open 2015 Gruppe A"]
[Site "Kiel"]
[Date "2015.07.25"]
[Round "2.4"]
[White "Lanka, Zigurds"]
[Black "Friedel, Marcus"]
[Result "1-0"]
[WhiteElo "2419"]
[BlackElo "2121"]
[PlyCount "41"]
[EventDate "2015.??.??"]
[WhiteTeam "TSV Schott Mainz"]
[BlackTeam "SK Ettlingen"]

1. e4 e5 2. Nf3 Nc6 3. Bb5 Nf6 4. d3 Bc5 5. c3 O-O 6. O-O d5 7. exd5 Qxd5 8.
Bc4 Qd6 9. b4 Bb6 10. Ba3 Ne7 11. Qb3 Bg4 12. Nbd2 h6 13. h3 Bf5 14. Rad1 Bxd3
15. b5 Bxc4 16. Nxc4 Qe6 17. Nxb6 axb6 18. Qxe6 fxe6 19. Bxe7 Rfe8 20. Bxf6
gxf6 21. Rd7 1-0

[Event "Kieler Open 2015 Gruppe A"]
[Site "Kiel"]
[Date "2015.07.25"]
[Round "2.5"]
[White "Horn, Peter"]
[Black "Voloshin, Leonid"]
[Result "1/2-1/2"]
[WhiteElo "2110"]
[BlackElo "2417"]
[PlyCount "66"]
[EventDate "2015.??.??"]
[WhiteTeam "SCC Palame"]
[BlackTeam "Jicin"]

1. c4 e5 2. g3 Nf6 3. Bg2 d5 4. cxd5 Nxd5 5. Nc3 Nb6 6. Nf3 Nc6 7. O-O Be7 8.
a3 Be6 9. b4 a5 10. b5 Nd4 11. Rb1 Nxf3+ 12. Bxf3 Nd5 13. Bb2 O-O 14. a4 f6 15.
d4 Nxc3 16. Bxc3 exd4 17. Qxd4 Qxd4 18. Bxd4 Rad8 19. e3 Bd5 20. Bxd5+ Rxd5 21.
Rfc1 Rd7 22. Rc4 Bb4 23. Rbc1 Rff7 24. f3 Rfe7 25. Kf2 Kf7 26. g4 b6 27. R1c2
Bd6 28. h4 Ke8 29. h5 Rf7 30. f4 Kd8 31. Kf3 Rde7 32. Rc6 Rd7 33. R2c4 Rf8
1/2-1/2

[Event "Kieler Open 2015 Gruppe A"]
[Site "Kiel"]
[Date "2015.07.25"]
[Round "2.6"]
[White "Wichmann, Cliff"]
[Black "Saglam, Bülent"]
[Result "1-0"]
[WhiteElo "2358"]
[BlackElo "2102"]
[PlyCount "57"]
[EventDate "2015.??.??"]
[WhiteTeam "ESV Nickelhütte Aue"]
[BlackTeam "SK Doppelbauer Kiel"]

1. d4 d5 2. c4 c6 3. Nf3 Nf6 4. Nbd2 g6 5. e3 Bg7 6. Bd3 Bf5 7. Bxf5 gxf5 8.
O-O Nbd7 9. b4 O-O 10. Bb2 Ne4 11. cxd5 cxd5 12. Nb3 Nd6 13. Na5 Rc8 14. Rc1
Qb6 15. Qb3 e6 16. Qa4 Nf6 17. Ne5 Rxc1 18. Rxc1 Rc8 19. Rc5 Qd8 20. Qc2 Rb8
21. h3 Nd7 22. Nxd7 Qxd7 23. Rc7 Rc8 24. Rxd7 Rxc2 25. Rxd6 Bf8 26. Rd8 b6 27.
Nc6 Rxc6 28. b5 Rd6 29. Ra8 1-0

[Event "Kieler Open 2015 Gruppe A"]
[Site "Kiel"]
[Date "2015.07.25"]
[Round "2.7"]
[White "Pick, Stefan"]
[Black "Ernst, Thomas"]
[Result "0-1"]
[WhiteElo "2101"]
[BlackElo "2349"]
[PlyCount "44"]
[EventDate "2015.??.??"]
[WhiteTeam "SK Kerpen"]
[BlackTeam "Farsta SK"]

1. d4 d6 2. e4 g6 3. Bc4 Bg7 4. Nf3 Nf6 5. Qe2 d5 6. exd5 Nxd5 7. Nc3 Nb6 8.
Be3 Nxc4 9. Qxc4 Nd7 10. O-O-O O-O 11. h4 Nf6 12. Ne5 c6 13. Qe2 Nd5 14. h5
Nxc3 15. bxc3 Qa5 16. hxg6 hxg6 17. Qc4 Bf5 18. Bh6 Bxe5 19. dxe5 Rfd8 20.
Rxd8+ Rxd8 21. Be3 Qa3+ 22. Kb1 Be6 0-1

[Event "Kieler Open 2015 Gruppe A"]
[Site "Kiel"]
[Date "2015.07.25"]
[Round "2.8"]
[White "Stolz, Mike"]
[Black "Roth, Thorsten"]
[Result "1-0"]
[WhiteElo "2335"]
[BlackElo "2083"]
[PlyCount "69"]
[EventDate "2015.??.??"]
[WhiteTeam "SV Magdeburg"]
[BlackTeam "Hannover/vereinslos"]

1. e4 e5 2. Nf3 Nc6 3. Bb5 a6 4. Ba4 d6 5. c3 Bd7 6. d4 Nge7 7. d5 Nb8 8. Bxd7+
Nxd7 9. c4 Ng6 10. h4 Be7 11. g3 Nf6 12. Nc3 Qd7 13. Nh2 h5 14. Nf1 c5 15. dxc6
Qxc6 16. Qd3 Rc8 17. Ne3 Nf8 18. Ncd5 Nxd5 19. exd5 Qc5 20. Bd2 g6 21. Rc1 Nd7
22. Bc3 f5 23. f4 e4 24. Qd2 Bf6 25. b4 Qb6 26. c5 dxc5 27. Nc4 Qc7 28. Bxf6
Nxf6 29. d6 Qc6 30. d7+ Qxd7 31. Nd6+ Ke7 32. Nxc8+ Rxc8 33. Rxc5 Qxd2+ 34.
Kxd2 Rxc5 35. bxc5 1-0

[Event "Kieler Open 2015 Gruppe A"]
[Site "Kiel"]
[Date "2015.07.25"]
[Round "2.9"]
[White "Sieweck, Philipp"]
[Black "Jahncke, Giso"]
[Result "0-1"]
[WhiteElo "2076"]
[BlackElo "2308"]
[PlyCount "86"]
[EventDate "2015.??.??"]
[WhiteTeam "SG Turm Kiel"]
[BlackTeam "Preetzer TSV"]

1. e4 c5 2. Nf3 e6 3. d3 Nc6 4. g3 Nf6 5. Bg2 e5 6. O-O Be7 7. Nbd2 O-O 8. Nc4
d6 9. a4 Re8 10. Re1 h6 11. c3 Bf8 12. Ne3 Be6 13. c4 a6 14. Bd2 Rb8 15. a5 b5
16. axb6 Qxb6 17. Qa4 Bd7 18. Nd5 Qd8 19. Reb1 Nxd5 20. cxd5 Nb4 21. Qd1 a5 22.
b3 Bg4 23. h3 Bxf3 24. Bxf3 Be7 25. h4 Qc7 26. Ra3 Bd8 27. Be3 Qe7 28. Kg2 Bb6
29. Bg4 Rb7 30. Qd2 Reb8 31. h5 Bd8 32. Bf5 Qf8 33. Rf1 Na6 34. Qd1 Nc7 35. f4
Nb5 36. Ra1 Nd4 37. fxe5 dxe5 38. Qg4 Kh8 39. Rab1 a4 40. Bc8 Rc7 41. Bxd4 cxd4
42. Be6 Bf6 43. d6 Rc2+ 0-1

[Event "Kieler Open 2015 Gruppe A"]
[Site "Kiel"]
[Date "2015.07.25"]
[Round "2.10"]
[White "Plüg, Andreas"]
[Black "Koop, Sören"]
[Result "1-0"]
[WhiteElo "2295"]
[BlackElo "2070"]
[PlyCount "107"]
[EventDate "2015.??.??"]
[WhiteTeam "Preetzer TSV"]
[BlackTeam "SC Wrist-Kellinghusen"]

1. d4 d5 2. Nf3 Nf6 3. c3 c6 4. Bf4 Bf5 5. Nbd2 Nbd7 6. Qb3 Qb6 7. Nh4 Bg4 8.
h3 Be6 9. e3 Ne4 10. Nhf3 Ndf6 11. Be2 h6 12. O-O g5 13. Be5 Rg8 14. c4 g4 15.
hxg4 Bxg4 16. Rfe1 e6 17. Qxb6 axb6 18. cxd5 exd5 19. Nxe4 Nxe4 20. a3 Kd7 21.
Bf4 f6 22. Nh4 Bxe2 23. Rxe2 h5 24. f3 Ng5 25. Kf2 Ne6 26. g3 b5 27. Rh1 b4 28.
axb4 Bxb4 29. Nf5 Nxf4 30. gxf4 Rg6 31. Rxh5 Rag8 32. Rh7+ Kc8 33. Rh2 Rg1 34.
e4 Rc1 35. e5 fxe5 36. fxe5 Kd8 37. e6 c5 38. Rh7 cxd4 39. e7+ Bxe7 40. Rhxe7
d3 41. Rd2 Rc2 42. Ke3 Rxd2 43. Kxd2 Rg2+ 44. Kxd3 Rxb2 45. Rh7 Rb3+ 46. Ke2 b5
47. Nd4 Rb2+ 48. Kd3 b4 49. Rb7 Kc8 50. Rb5 Kd7 51. Rxd5+ Ke7 52. Rb5 Kf6 53.
Kc4 Rb1 54. Rxb4 1-0

[Event "Kieler Open 2015 Gruppe A"]
[Site "Kiel"]
[Date "2015.07.25"]
[Round "2.11"]
[White "Hilbig, Dieter"]
[Black "Krause, Jonah"]
[Result "0-1"]
[WhiteElo "2067"]
[BlackElo "2259"]
[PlyCount "130"]
[EventDate "2015.??.??"]
[WhiteTeam "ESV Gera"]
[BlackTeam "SV Bargteheide"]

1. e4 c6 2. d4 d5 3. exd5 cxd5 4. Bd3 Nc6 5. c3 Qc7 6. Ne2 Bg4 7. f3 Bh5 8. Nf4
Nf6 9. Nxh5 Nxh5 10. O-O g6 11. f4 Ng7 12. Nd2 e6 13. Nf3 Nf5 14. Qe1 Nd6 15.
Ne5 Bg7 16. Bd2 O-O 17. Rf3 Qe7 18. Qe2 f5 19. Re1 Ne4 20. Be3 Rac8 21. a3 Rfd8
22. Bb1 a6 23. Rh3 b5 24. g4 Qb7 25. Bd3 Ne7 26. g5 Bxe5 27. fxe5 Rb8 28. Rf3
a5 29. h4 b4 30. axb4 axb4 31. c4 dxc4 32. Bxc4 Nd5 33. Kh2 Ra8 34. Bg1 Rf8 35.
Bd3 {(=)} Qc6 36. Ref1 Qd7 37. Bxe4 fxe4 38. Qxe4 Rac8 39. Rxf8+ Rxf8 40. Rxf8+
Kxf8 41. Qf3+ Ke7 42. Bf2 Qb5 43. Qd1 b3 44. Kg1 Qc4 45. Qa1 Qc2 46. Qa7+ Ke8
47. Qa8+ Kf7 48. Qa7+ Ne7 49. Qa3 Qd1+ 50. Kg2 Qg4+ 51. Kf1 Qd1+ 52. Kg2 Qd3
53. Qa1 Qe4+ 54. Kg1 Qb7 55. Qf1 Kg7 56. Qc4 Nd5 57. Qa4 Nf4 58. d5 Nxd5 59.
Qg4 Qc6 60. Bd4 Qc1+ 61. Kh2 Qd2+ 62. Kg1 Nf4 63. Bc3 Ne2+ 64. Kf1 Nxc3 65.
bxc3 b2 0-1

[Event "Kieler Open 2015 Gruppe A"]
[Site "Kiel"]
[Date "2015.07.25"]
[Round "2.12"]
[White "Magnussen, Helge"]
[Black "Bracker, Arne"]
[Result "0-1"]
[WhiteElo "2054"]
[BlackElo "2256"]
[PlyCount "82"]
[EventDate "2015.??.??"]
[WhiteTeam "Elmshorner SC"]
[BlackTeam "Hamburger SK"]

1. d4 Nf6 2. c4 g6 3. Nf3 Bg7 4. Nc3 O-O 5. g3 d6 6. Bg2 Nc6 7. O-O a6 8. h3
Bd7 9. e4 e5 10. Be3 exd4 11. Nxd4 Qc8 12. Kh2 Ne5 13. Qe2 Re8 14. Nd5 c5 15.
Nf3 Nxd5 16. cxd5 Bb5 17. Qc2 Bd3 18. Qb3 Bxf1 19. Rxf1 Nxf3+ 20. Bxf3 b5 21.
Qc2 Qd8 22. Bg2 Qa5 23. a3 Qa4 24. Rc1 Qxc2 25. Rxc2 Rab8 26. b3 a5 27. Bd2 a4
28. b4 Bd4 29. e5 Rxe5 30. Bf4 cxb4 31. axb4 a3 32. Ra2 Bb2 33. Bxe5 dxe5 34.
Bf1 Rb6 35. g4 Kf8 36. Kg3 Ke7 37. Bd3 Kd6 38. Be4 Rb8 39. f4 Rc8 40. f5 Rc4
41. fxg6 fxg6 0-1

[Event "Kieler Open 2015 Gruppe A"]
[Site "Kiel"]
[Date "2015.07.25"]
[Round "2.13"]
[White "Junge, Ralph"]
[Black "Quiring, Nikolai"]
[Result "1/2-1/2"]
[WhiteElo "2214"]
[BlackElo "2060"]
[PlyCount "75"]
[EventDate "2015.??.??"]
[WhiteTeam "SG Turm Kiel"]
[BlackTeam "SV VHS Rendsburg"]

1. d4 e6 2. e4 d5 3. Nd2 Nf6 4. Bd3 b6 5. e5 Nfd7 6. c3 Ba6 7. Bxa6 Nxa6 8. Ne2
c5 9. Qa4 Qc8 10. O-O Nab8 11. Nf3 Qa6 12. Qd1 Nc6 13. Be3 Be7 14. Ng3 h5 15.
h4 g6 16. Bg5 Rc8 17. Bxe7 Kxe7 18. Qd2 Rcf8 19. Qg5+ Ke8 20. b3 Qc8 21. c4 Ne7
22. cxd5 exd5 23. dxc5 Nxc5 24. Rac1 Qg4 25. Qd2 Rfg8 26. Rfd1 g5 27. hxg5 Kf8
28. Nf1 Ne4 29. Qb4 Nxg5 30. Qxg4 hxg4 31. N3h2 Ne6 32. g3 d4 33. Re1 Rh5 34.
Re4 Rhg5 35. f3 gxf3 36. Nxf3 Rg4 37. Rxg4 Rxg4 38. Kh2 1/2-1/2

[Event "Kieler Open 2015 Gruppe A"]
[Site "Kiel"]
[Date "2015.07.25"]
[Round "2.14"]
[White "Lindborg, Petter"]
[Black "Keller, Harald"]
[Result "1/2-1/2"]
[WhiteElo "2197"]
[BlackElo "2041"]
[PlyCount "113"]
[EventDate "2015.??.??"]
[WhiteTeam "Solna SchackSälsskap"]
[BlackTeam "SV Rottweil"]

1. d4 Nf6 2. c4 e6 3. Nc3 Bb4 4. Qc2 O-O 5. a3 Bxc3+ 6. Qxc3 b5 7. cxb5 c6 8.
Bg5 cxb5 9. e3 Bb7 10. Nf3 a6 11. Bd3 Nc6 12. O-O Rc8 13. Qe1 d6 14. Qe2 e5 15.
dxe5 Nxe5 16. Nxe5 dxe5 17. Rad1 Qb6 18. e4 h6 19. Be3 Qe6 20. f3 Rfd8 21. Bb1
Qb3 22. Bb6 Rd7 23. Ba5 Qe6 24. Rd2 Rxd2 25. Qxd2 Nd7 26. Rc1 Nc5 27. Qe3 Nd7
28. Rxc8+ Bxc8 29. Qc3 Nb6 30. b3 Qd6 31. Bc2 Be6 32. Bb4 Qb8 33. Kf2 Nd7 34.
Qe3 Qc7 35. Bd1 Qc6 36. g3 Qc7 37. Bd2 Qd6 38. a4 b4 39. Ke2 a5 40. Bc2 Nc5 41.
Kd1 Bc8 42. Kc1 Ba6 43. Kb2 Ne6 44. Bd1 Nd4 45. Qf2 Qc5 46. Qe3 Qd6 47. Qf2 Qc5
48. Qe1 Qd6 49. Be3 Qc5 50. Qd2 f6 51. h4 Kh7 52. g4 g5 53. hxg5 hxg5 54. Qc1
Qd6 55. Qd2 Qc5 56. Qc1 Qd6 57. Qd2 1/2-1/2